000 00593nam a2200205Ia 4500
001 63630
008 190819n2013 ii |||gr||||Z||||||asm
020 _a81-7331-296-6
082 _a320.9
100 _aBaishya, Dhaneswar.,
_eAuthor.
245 0 _aRajnaitic Tatwa :
_bPolitical Theory /
_cBy Dhaneswar Baishya & Bhaben Kakati .
_hTextual Documents
250 _aist ed.
260 _aAssam
_bLBS Publication
_c2013
300 _apg256:
_c21cm.
653 _aPolitical science
653 _aPolitical Theory
653 _aG- Pol.sc.
700 _aKakati, Bhaben,
_eAuthor.
942 _2ddc
_cBK
999 _c64732
_d64732